000
00326 a2200169 4500
001
189126
020
_a
85-08-08636-9
040
_c
Magnum
100
_a
Sardella, Antonio
240
1
0
_a
Química
_l
por
245
1
0
_a
Química
300
_a
320
362
0
_a
2003
440
1
_a
Ática
697
_a
QUÍMICA
942
_c
BK
999
_c
189126
_d
189126